| 000 | 00721nam a2200217 i 4500 | ||
|---|---|---|---|
| 001 | 97328 | ||
| 003 | ES-MaACL | ||
| 005 | 20230906182100.0 | ||
| 007 | t| | ||
| 008 | 050711s1965 sp ||||1| spa d | ||
| 100 | 1 |
_aMarc, André. _976345 |
|
| 245 | 1 | 0 |
_aPsicología reflexiva / _cAndré Marc; carta-prólogo de Monsieur René Le Senne; [versión Antonio Puigcerver]. |
| 260 |
_aMadrid : _bGredos, _c1965. |
||
| 300 |
_a2 v. ; _c20 cm. |
||
| 490 | 1 |
_aBiblioteca hispánica de filosofía ; _v45 |
|
| 700 | 1 |
_aLe Senne, René. _970932 |
|
| 700 | 1 |
_aPuigcerver Zanón, Antonio. _994292 |
|
| 830 | 0 |
_aBiblioteca hispánica de filosofía ; _v45 _9181000 |
|
| 852 |
_aES-MaACL _jC-29894-5 _bR.60137 |
||
| 999 |
_c97328 _d97328 |
||